| 000 | 00477nam a22001937a 4500 | ||
|---|---|---|---|
| 003 | MPLRDC | ||
| 005 | 20220104143850.0 | ||
| 008 | 210129b ||||| |||| 00| 0 eng d | ||
| 020 | _a957-470-213-8 | ||
| 082 | _a855 HHY | ||
| 100 | _a黄汉耀 著 | ||
| 245 |
_a每个人心中都有一颗阿斯匹灵 _c |
||
| 250 | _a初版 | ||
| 260 |
_a _b水瓶世纪 _c2001 |
||
| 300 | _b平 | ||
| 490 | _aBLUE SKY; 3 | ||
| 650 | _a散文;随笔、日记 | ||
| 942 |
_cBK _o855 HHY |
||
| 999 |
_c44099 _d44089 |
||